<?xml version="1.0" encoding="UTF-8"?>
<record
    xmlns:xsi="http://www.w3.org/2001/XMLSchema-instance"
    xsi:schemaLocation="http://www.loc.gov/MARC21/slim http://www.loc.gov/standards/marcxml/schema/MARC21slim.xsd"
    xmlns="http://www.loc.gov/MARC21/slim">

  <leader>01067nam a22002415i 4500</leader>
  <controlfield tag="001">12280</controlfield>
  <controlfield tag="003">ES-MaACL</controlfield>
  <controlfield tag="005">20250627191852.0</controlfield>
  <controlfield tag="008">940714s1991    sp           ||||0| spa</controlfield>
  <datafield tag="020" ind1=" " ind2=" ">
    <subfield code="a">84-7492-514-2</subfield>
  </datafield>
  <datafield tag="040" ind1=" " ind2=" ">
    <subfield code="a">M-BN </subfield>
    <subfield code="b">spa </subfield>
    <subfield code="c">M-BN</subfield>
  </datafield>
  <datafield tag="080" ind1=" " ind2=" ">
    <subfield code="a">1 S&#xE1;nchez, Francisco (1550-1623)</subfield>
  </datafield>
  <datafield tag="100" ind1="1" ind2=" ">
    <subfield code="a">Gonz&#xE1;lez Fern&#xE1;ndez, Mart&#xED;n.</subfield>
    <subfield code="9">58625</subfield>
  </datafield>
  <datafield tag="245" ind1="1" ind2="2">
    <subfield code="a">O labirinto de Minos </subfield>
    <subfield code="b">: Francisco S&#xE1;nchez, o "Esc&#xE9;ptico", un galego no renacimento / </subfield>
    <subfield code="c">Mart&#xED;n Gonz&#xE1;lez Fern&#xE1;ndez.</subfield>
  </datafield>
  <datafield tag="260" ind1=" " ind2=" ">
    <subfield code="a">Sada, A Coru&#xF1;a : </subfield>
    <subfield code="b">Edici&#xF3;s do Castro, </subfield>
    <subfield code="c">1991.</subfield>
  </datafield>
  <datafield tag="300" ind1=" " ind2=" ">
    <subfield code="a">302 p., [10] p. de l&#xE1;m ; </subfield>
    <subfield code="c">25 cm.</subfield>
  </datafield>
  <datafield tag="490" ind1="1" ind2=" ">
    <subfield code="a">Publicaci&#xF3;ns do S.E.G. / Grupo Interdisciplinar de Traballo R.M. Aller de Historia das Ciencias e das T&#xE9;cnicas ; </subfield>
    <subfield code="v">3</subfield>
  </datafield>
  <datafield tag="504" ind1=" " ind2=" ">
    <subfield code="a">Bibliograf&#xED;a: p. 273-285.</subfield>
  </datafield>
  <datafield tag="600" ind1="1" ind2="4">
    <subfield code="a">S&#xE1;nchez, Francisco,</subfield>
    <subfield code="d">1550-1623-</subfield>
    <subfield code="x">Cr&#xED;tica e interpretaci&#xF3;n</subfield>
    <subfield code="9">102366</subfield>
  </datafield>
  <datafield tag="830" ind1="0" ind2=" ">
    <subfield code="a">Publicaci&#xF3;ns do S.E.G. / Grupo Interdisciplinar de Traballo R.M. Aller de Historia das Ciencias e das T&#xE9;cnicas ; </subfield>
    <subfield code="v">3</subfield>
    <subfield code="9">228275</subfield>
  </datafield>
  <datafield tag="852" ind1=" " ind2=" ">
    <subfield code="a">ES-MaACL</subfield>
    <subfield code="j">L-19565</subfield>
  </datafield>
  <datafield tag="999" ind1=" " ind2=" ">
    <subfield code="c">12280</subfield>
    <subfield code="d">12280</subfield>
  </datafield>
  <datafield tag="952" ind1=" " ind2=" ">
    <subfield code="0">0</subfield>
    <subfield code="1">0</subfield>
    <subfield code="4">0</subfield>
    <subfield code="7">0</subfield>
    <subfield code="a">ATENEOM</subfield>
    <subfield code="b">ATENEOM</subfield>
    <subfield code="c">DEPO2</subfield>
    <subfield code="d">2008-01-17</subfield>
    <subfield code="e">SC</subfield>
    <subfield code="l">0</subfield>
    <subfield code="o">L-19565</subfield>
    <subfield code="p">1012514</subfield>
    <subfield code="r">2023-02-23 00:00:00</subfield>
    <subfield code="w">2023-02-23</subfield>
    <subfield code="y">MONOGRAFIA</subfield>
  </datafield>
</record>
